000 00661nam a2200121Ia 4500
008 220620s9999||||xx |||||||||||||| ||und||
100 _aLechman, Ewa||Paradowski, Piotr
245 0 _aChapter 1 Digital technologies and women's empowerment
_bcasting the bridges
546 _aEnglish[eng]
650 _aGender and economics; ICT and women's empowerment; labour market; technological progress; women's social and economic development; women's economic empowerment
856 _uhttps://library.oapen.org/bitstream/20.500.12657/49781/1/9781003045946_oachapter1.pdf||https://library.oapen.org/bitstream/20.500.12657/49781/1/9781003045946_oachapter1.pdf
942 _cEB
999 _c35089
_d35089